Revitalizácia miestneho parku, Bratislava Rača

Saved in:
Bibliographic Details
Main Author: Galbavá, Pavla (Author)
Other Authors: Kristiánová, Katarína, 1964- (Thesis advisor)
Format: Manuscript Book
Language:Slovak
Published: Bratislava 2015
Subjects:
Online Access:http://is.stuba.sk/zp/portal_zp.pl?podrobnosti=103023
Tags: Add Tag
No Tags, Be the first to tag this record!

MARC

LEADER 00000ntm a22000003a 4500
001 stuzp52654
003 SK-STU
005 20230810134008.2
007 ta
008 150427s2015----xo-----f-mn---000-0-slo-d
040 |a STU  |b slo 
041 0 |a slo 
100 1 |a Galbavá, Pavla  |u 057170  |4 aut  |U FAD Fakulta architektúry  |T FA Ústav krajinnej a záhradnej architektúry  |X 70425  |U A7170  |Y 398  |7 70425 
242 0 1 |a The Revitalization of local park, Bratislava Rača  |y eng 
245 1 0 |a Revitalizácia miestneho parku, Bratislava Rača 
260 |c 2015  |a Bratislava 
650 4 |a revitalizácia  |2 slo 
650 4 |a park  |2 slo 
650 4 |a architektonicko-krajinárske riešenie  |2 slo 
650 4 |a revitalization  |2 eng 
650 4 |a park  |2 eng 
650 4 |a landscape-architectural solution  |2 eng 
700 1 |a Kristiánová, Katarína,  |d 1964-  |4 ths  |X 60471  |7 A000060471 
856 4 |u http://is.stuba.sk/zp/portal_zp.pl?podrobnosti=103023  |u https://opac.crzp.sk/?fn=detailBiblioForm&sid=367CD704F5D5570C74E3F9DE3652 
SQL |a stuzp52654  |b DBP  |c SLO  |d Revitalizácia miestneho parku, Bratislava Rača  |e 70425  |f Galbavá, Pavla  |g 057170  |h 60471  |i Kristiánová, Katarína  |j 20150611  |k 151  |l 05  |m http://is.stuba.sk/zp/portal_zp.pl?podrobnosti=103023  |n B-KAKP  |o 6.1.17. krajinná a záhradná architektúra